000 00328nam a2200133Ia 4500
005 20260328101510.0
008 260328s9999||||xx |||||||||||||| ||und||
100 _aPerruchot, Henri
245 0 _aLe Corbusier /
_cHenri Perruchot
260 _bEditions Universitaires
300 _a125 p.
650 _aCorbusier, Le
942 _cBK
999 _c9163
_d9163